000 01447nam a2200145 4500
008 026.7 B275c
020 _a9786079760533
082 _a026.7
_bB275c
100 _aAréchiga Mantilla, Sol et al
_97140
245 _aArchivos Fuera de Lugar:
_bCircuitos expositivos, digitales y comerciales del documento
260 _aMéxico
_bTaller de Ediciones Económicas
_c2017
300 _a236 p.
_bil.
_c21 x 14 cm
505 _tIntroducción
_rSofía Carrillo Herrerías
_tCustodiar el futuro. Archivo, inventario y memoria del arte latinoamericano
_tAlgunas anotaciones sobre museos, redes y el legado de Walter Zanini en Brasil
_rCristina Freire
_tSobre la contundencia del arkhé, el ICAA y el desdoblamiento del arte latinoamericano
_rMaría C. Gaztambide
_tMesa de discusión
_rDiego Flore Magón, Francisco Reyes Palma, Mónica Mayer, Sol Henaro
_tRéplicas y emplazamientos. El documento en el espacio expositivo
_tPoéticas del resto
_rGustavo Buntinx
_tMesa de discusión
_rPilar García, Julio García Murillo, Giacomo Castagnola, Joaquín Barriendos
_tArchivos/activos. Las galerías de arte y la comercialización de documentos
_tDilemas de la documentación
_rMartha Wilson
_tQué es archivo y qué es memoria
_rCarla Stellweg
_tMesa de discusión
_rAna Garduño, Ricardo Ocampo, Henrique Faría
_tColaboradores
650 _xarchivos - arte
_xarte - archivos - latinoamerica
_xarchivos - museos - redes
_xarchivos - memoria
_xarchivos - documentación
_97142
999 _c1832
_d1832